000 00962nam a2200265Ia 4500
003 OSt
005 20221005111431.0
006 a|||||r|||| 00| 0
007 ta
008 221004b |||||||| |||| 00| 0 hin d
020 _a8181436601 (hbk)
_c150
024 _a97386
037 _b564, 23/03/2009, Vani Prakashan
_cTextual
040 _aCRL
_cCRL
_bhin
041 _2hin
_ahin
082 _aDelta73v, 152P7
100 _aनरेश
245 0 _aसूफ़ीमत और हिन्दी सूफ़ी काव्य
246 _aSūफ़īmat aur hindī sūफ़ī kāvya
260 _aनई दिल्ली
_bवाणी प्रकाशन भारत
_c2007
300 _a105पृ0
_ccm.
650 _aआध्यात्मिक अनुभव और रहस्यवाद
942 _hDelta73v, 152P7
_cTEXL
_2cc
999 _c1021826
_d1021826